Представление документа в формате RUSMARC

ПолеНазваниеЗначение
  Тип записи c
  Библиографический уровень m
001 Контрольный номер RU/УОНБ/EK_N/562867518
005 Дата корректировки 20260318153948.5
010 Индекс ISBN __
9 Тираж 10000 экз.
013 Номер (ISMN) __
d Цена 35 к.
100 Данные общей обработки __
a Данные общей обработки 20171101d2017 ||| 0rusy0189 ca
101 Язык документа 0_
a Язык текста rus
f Язык титульного листа rus
102 Страна публикации __
a Страна публикации RU
105 Кодированные данные (монография) __
a Кодированные данные (монография) y###||||000|y
125 Кодированные данные звукозаписи и нотных изданий __
a Форма изложения нотного текста с|
128 Кодированные данные (звукозаписи-физические характеристики) __
a Кодированные данные: Музыкальная форма и тональность или лад ccn
c Инструменты или голоса, рекомендуемые для солистов (устаревшее) vu||
200 Заглавие и сведения об ответственности 1_
a Заглавие Песни из кинофильмов "Солдат Иван Бровкин" и "Иван Бровкин на целине"
e Сведения, относящиеся к заглавию с сопровожд. фп.
f Первые сведения об ответственности А. Лепин
210 Выходные данные 1_
a Место издания Москва
c Издательство Советский композитор
d Дата издания 1959
215 Физическое описание __
a Объем 30 с.
d Формат 29 см
327 Примечание о содержании 11
a Примечание о содержании Содерж.: Сердце друга ; Парень непутевый ; Если б гармошка умела ; Шла с учений третья рота ; Комсомольцам тридцатых годов : песни из кф. "Солдат Иван Бровкин". - В дорогу, друзья ; Как же ехать мне? ; Степи Оренбургские : песни из кф. "Иван Бровкин на целине"
464 Аналитический уровень _0
1 2001
a Сердце друга
e В дремучих лесах, за полярным ли кругом...
e из кф. "Солдат Иван Бровкин"
1 50010
a Солдат Иван Бровкин
464 Аналитический уровень _0
1 2001
a Парень непутевый
e Эх, гармонь...
e из кф. "Солдат Иван Бровкин"
1 50010
a Солдат Иван Бровкин
464 Аналитический уровень _0
1 2001
a Если б гармошка умела
e Не для тебя ли в садах наших вишни...
e из кф. "Солдат Иван Бровкин"
1 50010
a Солдат Иван Бровкин
464 Аналитический уровень _0
1 2001
a Шла с учений третья рота
e Шла с учений третья рота...
e из кф. "Солдат Иван Бровкин"
1 50010
a Солдат Иван Бровкин
464 Аналитический уровень _0
1 2001
a Комсомольцам тридцатых годов
e Сколько жить на земле ни осталось...
e из кф. "Солдат Иван Бровкин"
1 50010
a Солдат Иван Бровкин
464 Аналитический уровень _0
1 2001
a В дорогу, друзья
e На трудных дорогах всегда впереди...
e из кф. "Иван Бровкин на целине"
1 50010
a Иван Бровкин на целине
464 Аналитический уровень _0
1 2001
a Как же ехать мне?
e Забрала подруга детства сердце у меня...
e из кф. "Иван Бровкин на целине"
1 50010
a Иван Бровкин на целине
464 Аналитический уровень _0
1 2001
a Степи Оренбургские
e Ой, зарницы-озорницы...
e из кф. "Иван Бровкин на целине"
1 50010
a Иван Бровкин на целине
512 Заглавие обложки 1_
a Заглавие обложки Песни из кинофильмов "Солдат Иван Бровкин" и "Иван Бровкин на целине"
606 Тематические рубрики 0_
a Основная рубрика Песни советских композиторов
x Основная подрубрика Музыка из кинофильмов
610 Ключевые слова 0_
a Ключевые слова песни из кинофильмов
686 Индексы других классификаций __
a Классификационный индекс 85.943.4-42-041(2)я43
2 Код системы rubbk
700 Автор _1
a Фамилия Лепин
b Имя (инициалы) А. Я.
g Полное личное имя Анатолий Яковлевич
801 Источник записи _0
a Страна RU
b Организация Ульяновская ОНБ
c Дата составления 20171101
g Правила каталогизации RCR
801 Источник записи _1
a Страна RU
b Организация Ульяновская ОНБ
c Дата составления 20171101
g Правила каталогизации RCR
901 Тип документа __
t Тип документа m
909 Создатель записи __
a Создатель записи Никитина Т. А.
938 Служебная информация __
a Имя БД noti
b Имя библиотеки УОНБ
c Имя АИБС МАРК-SQL
d Номер DOC_ID в БД 17122